Normal view
MARC view
Entry Personal Name
001 - CONTROL NUMBER
- control field: 15130
003 - CONTROL NUMBER IDENTIFIER
- control field: BD-RjUL
005 - DATE AND TIME OF LATEST TRANSACTION
- control field: 20250305103034.0
008 - FIXED-LENGTH DATA ELEMENTS
- fixed length control field: 250305|| aca||aabn | a|a d
040 ## - CATALOGING SOURCE
- Original cataloging agency: BD-RjUL
- Transcribing agency: BD-RjUL
100 ## - HEADING--PERSONAL NAME
- Personal name: زور، سىد محى الدىن قادرى ;; Zore, Syed Mohiuddin Qadri
- Dates associated with a name: 1905-1962
670 ## - SOURCE DATA FOUND
- Source citation: Work cat.: (BD-RjUL)84749: زور، سىد محى الدىن قادرى ;; Zore, Syed Mohiuddin Qadri 1905-1962., روح تنقىد / Rūḥ-i tanqīd /, 1964